| 000 | 00496nam a2200157 4500 | ||
|---|---|---|---|
| 001 | 113163 | ||
| 003 | ES-MaACL | ||
| 007 | t| | ||
| 008 | 061121s1953 sp r ||||1| spa d | ||
| 100 | 1 |
_aNúñez Lagos, Rafael, _d1902-1991 _986209 |
|
| 245 | 1 | 4 |
_aLos esquemas conceptuales del instrumento público / _cRafael Núñez Lagos. |
| 260 |
_aMadrid : _b[s. n.], _c1953 ( _fGráficas Muybe) |
||
| 300 |
_a129 p. ; _c24 cm. |
||
| 852 |
_aES-MaACL _jC-6509 _bR.35404 |
||
| 999 |
_c113163 _d113163 |
||